British poetry and drama: (Record no. 11603)

MARC details
000 -LEADER
fixed length control field 00766nam a22002537a 4500
005 - DATE AND TIME OF LATEST TRANSACTION
control field 20230828163231.0
008 - FIXED-LENGTH DATA ELEMENTS--GENERAL INFORMATION
fixed length control field 230828b ||||| |||| 00| 0 eng d
020 ## - INTERNATIONAL STANDARD BOOK NUMBER
International Standard Book Number 9789358490145
040 ## - CATALOGING SOURCE
Original cataloging agency IN-DiNC
Transcribing agency IN-DiNC
041 ## - LANGUAGE CODE
Language code of sung or spoken text English
082 ## - DEWEY DECIMAL CLASSIFICATION NUMBER
Classification number 823
Item number LAS
100 ## - MAIN ENTRY--PERSONAL NAME
Personal name Laskar, Rizia Begum
Relator term Author
245 ## - TITLE STATEMENT
Title British poetry and drama:
Remainder of title 14th to 17th centuries (Major1 & Minor1)/
Statement of responsibility, etc. by Rizia Begum Laskar, Narji Baruah and Shweta Sur
250 ## - EDITION STATEMENT
Edition statement 1st ed.
260 ## - PUBLICATION, DISTRIBUTION, ETC.
Place of publication, distribution, etc. Dibrugarh:
Name of publisher, distributor, etc. Banalata,
Date of publication, distribution, etc. 2021.
300 ## - PHYSICAL DESCRIPTION
Extent 326p.
650 ## - SUBJECT ADDED ENTRY--TOPICAL TERM
Topical term or geographic name entry element Literary and social history
650 ## - SUBJECT ADDED ENTRY--TOPICAL TERM
Topical term or geographic name entry element Poetry
650 ## - SUBJECT ADDED ENTRY--TOPICAL TERM
Topical term or geographic name entry element Elizabethan/ Rennaissance drama
650 ## - SUBJECT ADDED ENTRY--TOPICAL TERM
Topical term or geographic name entry element Shakespearean drama
700 ## - ADDED ENTRY--PERSONAL NAME
Personal name Baruah, Narji
Relator term Author
700 ## - ADDED ENTRY--PERSONAL NAME
Personal name Sur, Shweta
Relator term Author
942 ## - ADDED ENTRY ELEMENTS (KOHA)
Source of classification or shelving scheme Dewey Decimal Classification
Koha item type Books
Holdings
Withdrawn status Lost status Source of classification or shelving scheme Damaged status Not for loan Collection code Home library Current library Shelving location Date acquired Cost, normal purchase price Total Checkouts Full call number Barcode Date last seen Date last checked out Copy number Price effective from Koha item type
    Dewey Decimal Classification     English Naharkatiya College Library Naharkatiya College Library General Stacks 28/08/2023 320.00 6 823 LAS 29648 19/12/2024 09/11/2024 1 28/08/2023 Books
    Dewey Decimal Classification     English Naharkatiya College Library Naharkatiya College Library General Stacks 28/08/2023 320.00 9 823 LAS 29649 15/11/2025 01/11/2025 2 28/08/2023 Books
    Dewey Decimal Classification     English Naharkatiya College Library Naharkatiya College Library General Stacks 28/08/2023 320.00 3 823 LAS 29650 17/11/2025 10/11/2025 3 28/08/2023 Books
    Dewey Decimal Classification     English Naharkatiya College Library Naharkatiya College Library General Stacks 16/09/2025 350.00   823 LAS 31079 16/09/2025   4 16/09/2025 Books
    Dewey Decimal Classification     English Naharkatiya College Library Naharkatiya College Library General Stacks 16/09/2025 350.00   823 LAS 31080 16/09/2025   5 16/09/2025 Books
    Dewey Decimal Classification     English Naharkatiya College Library Naharkatiya College Library General Stacks 16/09/2025 350.00   823 LAS 31081 16/09/2025   6 16/09/2025 Books

Naharkatiya College © 2020. All rights reserved.

Powered By